Statistics for All about Hermione Granger!

Click here to take the quiz!

General Stats

  • This quiz has been taken 91 times
  • The average score is 11 of 15

Answer Stats

QuestionsAnswer% Correct
Who is Hermione's true love?Ron Weasley
89%
What is Hermione's patronus?Otter
88%
Who escorted Hermione to the Yule Ball?Viktor Krum
87%
What is the occupation of Hermione's parents?Dentists
84%
What house did the Sorting Hat consider placing Hermione in?Ravenclaw
84%
What is the first name of Hermione's daughter?Rose
81%
What was the name of Hermione's pet cat?Crookshanks
80%
What magical object did Hermione use to double up on classes in her third year?Time Turner
79%
What is the first name of Hermione's son?Hugo
75%
What is Hermione's blood status?Muggle Born
75%
What organization did Hermione start in her fourth year?S.P.E.W.
72%
What did Grawp call Hermione?Hermy
68%
Who did Hermione ask to the Slug Club Christmas party?Cormac McLaggen
61%
What is the core of Hermione's wand?Dragon Heartstring
51%
What did Hermione do to protect her parents from Voldemort's reach?Wiped their memories
12%

Score Distribution

Percentile by Number Answered

Percent of People with Each Score

Your Score History

You have not taken this quiz